Statistics for European Countries with Two Borders (with a map)

Click here to take the quiz!

General Stats

  • This quiz has been taken 573 times
  • The average score is 16 of 18

Answers on the Map

Answers color-coded by a green-red scale on the quiz's map according to % correct below.
Loading ...
 

Answer Stats

Country% Correct
Sweden
96%
Andorra
95%
Spain
94%
Netherlands
93%
France
92%
Estonia
90%
Liechtenstein
90%
Moldova
90%
Norway
89%
Belgium
88%
Finland
88%
Germany
88%
Russia
87%
Latvia
86%
Ukraine
86%
Romania
85%
Switzerland
85%
Austria
84%

Score Distribution

Percentile by Number Answered

Percent of People with Each Score

Your Score History

You have not taken this quiz